Θητεία

Αποθηκεύτηκε σε:
Λεπτομέρειες βιβλιογραφικής εγγραφής
Κύριος συγγραφέας: Δρομάζος, Στάθης Ι., 1915-1983
Μορφή: Βιβλίο
Γλώσσα:Greek
Δημοσίευση: Αθήνα : Διφρός, 1966
Θέματα:
Ετικέτες: Προσθήκη ετικέτας
Δεν υπάρχουν, Καταχωρήστε ετικέτα πρώτοι!

MARC

LEADER 00000cam a2200000 i 4500
001 1/6139
008 000610s1966 gre d
035 |l 10061829 
040 |a GR-MY-UA  |b gre  |e aacr 
041 0 |a gre 
082 0 |a 320.5 
100 1 |a Δρομάζος, Στάθης Ι.,   |d 1915-1983. 
245 1 0 |a Θητεία /  |c Στάθη Ιω. Δρομάζου 
260 |a Αθήνα :   |b Διφρός,   |c 1966 
300 |a 339 σ. 
505 0 |a Ι. Η άλλη όχθη - ΙΙ. Διάλογος περί Δημοκρατίας - ΙΙΙ. Δοκίμια νεοελληνικού πολιτισμού 
650 0 0 |a Political science. 
650 0 0 |a Political science  |x Philosophy. 
650 0 0 |a Right and left (Political science) 
650 0 0 |a Speeches, addresses, etc. 
852 |a INST  |b LESVOS  |e 20000610  |h 320.5 ΔΡΟ  |p 005100023376  |q 005100023376  |t BK  |y 0 
901 |a BIBL1-2000-2 
909 |a Λ  |b 052081 
970 |z 2000/06/ΓΕΩΡΓΙΑ